000 00530nam a22001937a 4500
003 MPLRDC
005 20220104142456.0
008 210129b ||||| |||| 00| 0 eng d
020 _a978-986-85506-5-0
082 _a397 FBGN
100 _a服部光男、刚岛重孝
245 _a人体疾病图解大百科
_c高淑珍、陈滢加 译I
250 _a初版七刷
260 _a台湾
_b方舟文化出版社
_c2011
300 _b333
490 _a健康大百科: 2
650 _a人体生理学
942 _cBK
_o397 FBGN
999 _c31202
_d31192